| 000 | 00547nam a2200181Ia 4500 | ||
|---|---|---|---|
| 003 | OSt | ||
| 005 | 20260327111823.0 | ||
| 008 | 211028s2009 xx 000 0 und d | ||
| 040 | _cAIMIT LIBRARY | ||
| 041 | _aeng | ||
| 082 | _a658.3 DSOA | ||
| 100 |
_aDsouza, Avil;Dhananjaya K. _g716063 _96211 |
||
| 245 | _aA study on employee maximization with reference to manipal county resorts Bangalore / | ||
| 260 |
_bDhananjaya K _c2009 |
||
| 600 |
_aHuman Resource Management _96212 |
||
| 650 |
_aHuman Resource Management _96213 |
||
| 942 |
_2ddc _cPRO |
||
| 999 |
_c218162 _d218162 |
||